书目信息 |
| 题名: |
黎东方讲史
|
|
| 作者: | 黎东方, 著 | |
| 分册: | 细说元朝 | |
| 出版信息: | 上海 上海人民出版社 2007.04 |
|
| 页数: | 236页 | |
| 开本: | 23cm | |
| 丛书名: | ||
| 单 册: | ||
| 中图分类: | K209 | |
| 科图分类: | ||
| 主题词: | ||
| 电子资源: | ||
| ISBN: | 978-7-208-06809-4 | |
| 000 | 00791nam0 2200229 450 | |
| 001 | 012007630191 | |
| 005 | 20070924160437.50 | |
| 010 | @a978-7-208-06809-4@dCNY20.00 | |
| 100 | @a20070817d2007 km y0chiy0120 ea | |
| 101 | 0 | @achi |
| 102 | @aCN@b310000 | |
| 105 | @aa z 000yy | |
| 200 | 1 | @a黎东方讲史@Ali dong fang jiang shi@i细说元朝@f黎东方著@Fli dong fang zhu |
| 210 | @a上海@c上海人民出版社@d2007.04 | |
| 215 | @a236页@c图@d23cm | |
| 330 | @a本书讲述了成吉思汗伐西夏、灭金国,忽必烈火南宋、建立元朝等历史事件,以及窝阔台、蒙哥、阿合马、耶律楚材、马可·波罗等历史。 | |
| 517 | 1 | @a细说元朝@Axi shuo yuan chao |
| 607 | @a中国@Azhong guo@x古代史@z元代@j通俗读物 | |
| 690 | @aK209@v4 | |
| 701 | 0 | @a黎东方,@Ali dong fang@f1906- @4著 |
| 801 | 0 | @aCN@c20070924 |
| 905 | @dK209@eL105 | |
| 黎东方讲史.细说元朝/黎东方著.-上海:上海人民出版社,2007.04 |
| 236页:图;23cm |
| ISBN 978-7-208-06809-4:CNY20.00 |
| 本书讲述了成吉思汗伐西夏、灭金国,忽必烈火南宋、建立元朝等历史事件,以及窝阔台、蒙哥、阿合马、耶律楚材、马可·波罗等历史。 |
| ● |
| 相关链接 |
|
|
|
正题名:黎东方讲史
索取号:K209/L105
 
预约/预借
| 序号 | 登录号 | 条形码 | 馆藏地/架位号 | 状态 | 备注 |
| 1 | 257578 | 202575784 | 社科库309/309社科库 31排4列5层/ [索取号:K209/L105] | 在馆 | |
| 2 | 257579 | 202575793 | 社科库309/309社科库 31排4列5层/ [索取号:K209/L105] | 在馆 |